000 00736nam a2200193Ia 4500
008 151121s9999||||xx |||||||||||||| ||und||
082 _a920/चेंदव
082 _bHNW-31250
100 _aचोंदवणकर सदानंद
245 _aअंधारातून प्रकाशाकडे
260 _b"परचुरे प्रकाशन गिरगाव, मुंबई।"
260 _c--
300 _a92
600 _aचोंदवणकर सदानंद
630 _aअंधारातून प्रकाशाकडे
700 _aचोंदवणकर सदानंद
730 _aअंधारातून प्रकाशाकडे
942 _cBOOK
999 _c1225268
_d1225265